| 000 | 00553nam a22001817a 4500 | ||
|---|---|---|---|
| 003 | 0 | ||
| 005 | 20241114142414.0 | ||
| 008 | 241114b xxu||||| |||| 00| 0 eng d | ||
| 020 | _a9798891611276 | ||
| 050 |
_aQR 41.2 _b.M37 2024 |
||
| 100 |
_aMcPherson, Griffin, _eauthor. |
||
| 245 |
_aFundamentals of microbiology / _cGriffin McPherson. |
||
| 260 |
_aJersey City, USA : _bAlexis Press, _c2024. |
||
| 300 |
_ax, 348 p. : _bcol. ill. ; _c24 cm. |
||
| 504 | _aIncludes bibliographical references and index. | ||
| 650 | _aMicrobiology. | ||
| 942 |
_2lcc _cBK |
||
| 999 |
_c366718 _d366718 |
||